000 00784nam a22002417a 4500
005 20210416051947.0
008 201110s2018 ||||| |||| 00| 0 eng d
020 _a9781506236407
040 _aeng
_cDLC
041 _aeng
080 _a618
_bK-20
245 _aUSMLE: Step 2 CK
_b: Lecture Notes 2019, Obstetrics and Gynecology
_c/ by Kaplan Medical: Edited by Elmar Peter Sakala MD, MA, MPH, FACOG
260 _aNew York
_bKaplan Medical
_c2018
300 _a293 pages
650 0 _973
_aObstetrics
650 0 _974
_aGynecology
653 _aმეანობა
653 _aგინეკოლოგია
700 _931
_aSakala, Peter. Elmar MD, MA, MPH, FACOG
710 _932
_aKesterson, P. Joshua MD
711 _933
_aSchamroth, Alvin MD, FACOG
942 _2udc
_cBK
999 _c103
_d103